Východiskové hľadiská diagnostiky mládeže s poruchami správania

Bibliographic Details
Main Authors: Fehérová, Lucia (Author), Mikuličková, Katarína (Author), Sotník, Dušan (Author)
Format: Article
Language:Slovak
PhysicalDescription:Grafy, tab.
ISSN:1336-3689
Subjects:

MARC

LEADER 00000nab a2200000 ar4500
001 vtls008963228
003 SK-MaSNL
005 20260303070744.0
008 070411c2006 xo qr|p|||an |000 b|slo
015 |a SNBRB2007/04 
038 |a SPK 
040 |a SPKCL  |b slo  |c 1997  |e AACR2 
041 0 |a slo  |b slo 
044 |a xo  |c SK 
072 7 |a 616.89  |x Psychiatria  |2 konspekt 
080 |a 616.89-008.447  |2 UDC-MRF-SK2 
080 |a 3-053.6  |2 UDC-MRF-SK2 
100 1 |a Fehérová, Lucia  |4 aut  |9 1068607 
245 1 0 |a Východiskové hľadiská diagnostiky mládeže s poruchami správania  |c Lucia Fehérová, Katarína Mikuličková, Dušan Sotník 
300 |b Grafy, tab. 
504 |a Bibliogr. odkazy 
546 |a Res. slov. 
650 0 7 |a poruchy správania  |2 snkbucl  |9 18480 
650 0 7 |a pedagogická diagnostika  |2 snkbucl  |9 4068 
650 0 7 |a mládež  |2 spk  |9 1575 
700 1 |a Mikuličková, Katarína  |4 aut  |9 1068608 
700 1 |a Sotník, Dušan  |4 aut  |9 1068609 
773 0 |t Prevencia : informačný bulletin zameraný na prevenciu sociálno-patologických javov v rezorte školstva  |g Roč. V, č. 1 (2006), s. 19-26  |x 1336-3689 
852 |a SPK  |b KIS3GCP 
958 |a NB  |2 spk 
999 |c 1756783  |d 1758713